000 00452nam a2200193Ia 4500
005 20240823033254.0
008 240823s9999||||xx |||||||||||||| ||und||
020 _a978-81-222-0014-0
041 _aENGLISH
082 _A793.74 Q2
100 _aShakuntala Devi
245 0 _aPuzzles to Puzzle You
250 _a1st
260 _c2012
_b"Orient Paperback,New D"
500 _aYES
650 _aGeneral
_bGeneral
942 _cBK
999 _c195418
_d195418